[Event "HUN-ch U16"]
[Site "Budapest"]
[Date "2020.10.25"]
[Round "2"]
[White "Virag, Balint"]
[Black "Baski, Barnabas"]
[Result "0-1"]
[WhiteElo "2117"]
[BlackElo "2166"]
[PlyCount "108"]
[EventDate "2020.10.24"]
[EventType "tourn"]
[EventRounds "9"]
[EventCountry "HUN"]
[SourceTitle "CBM 199 Extra"]
[Source "ChessBase"]
[SourceDate "2021.01.31"]
[SourceVersion "1"]
[SourceVersionDate "2021.01.31"]
[SourceQuality "1"]

1. e4 e5 2. Nf3 Nc6 3. Bc4 Bc5 4. d3 Nf6 5. 0-0 0-0 6. Bg5 Be7 7. a4 d6 8. h3 Nd7 9. Be3 Nb6 10. Bxb6 axb6 11. Nc3 Be6 12. Nd5 Qd7 13. Nd2 Bg5 14. Nb1 Bxd5 15. Bxd5 Ne7 16. Bb3 Ng6 17. Nc3 Kh8 18. Qg4 Qd8 19. Nd5 h6 20. g3 c6 21. Ne3 Ne7 22. h4 Bf6 23. Qh5 d5 24. Ng4 Ng8 25. Nxf6 Nxf6 26. Qxe5 dxe4 27. dxe4 Re8 28. Qf5 Ra5 29. Qf3 Nxe4 30. Rad1 Qc8 31. Bxf7 Rf5 32. Qxf5 Qxf5 33. Bxe8 Nf6 34. Bf7 Kh7 35. Rd6 h5 36. Re1 Qc5 37. Ree6 Qxc2 38. Re5 Qxb2 39. Rg5 Qb1+ 40. Kh2 Ng4+ 41. Rxg4 hxg4 42. h5 Qb4 43. Re6 Qd4 44. Kg1 c5 45. Bg6+ Kh6 46. Bf7+ Kg5 47. Rg6+ Kf5 48. Be6+ Ke5 49. Bxg4 c4 50. Rxg7 c3 51. Rc7 Qd2 52. f4+ Kf6 53. h6 c2 54. h7 c1Q+ 0-1

[Event "HUN-ch U16"]
[Site "Budapest"]
[Date "2020.10.24"]
[Round "1"]
[White "Baski, Barnabas"]
[Black "Lakatos, Tamas"]
[Result "1/2-1/2"]
[WhiteElo "2166"]
[BlackElo "2099"]
[PlyCount "75"]
[EventDate "2020.10.24"]
[EventType "tourn"]
[EventRounds "9"]
[EventCountry "HUN"]
[SourceTitle "CBM 199 Extra"]
[Source "ChessBase"]
[SourceDate "2021.01.31"]
[SourceVersion "1"]
[SourceVersionDate "2021.01.31"]
[SourceQuality "1"]

1. Nf3 g6 2. g3 Bg7 3. d4 d5 4. Bg2 Nf6 5. 0-0 0-0 6. c4 dxc4 7. Na3 c5 8. dxc5 Na6 9. Nxc4 Nxc5 10. Be3 Be6 11. Qxd8 Rfxd8 12. Rac1 Ncd7 13. Rfd1 Bd5 14. b3 a6 15. Bd4 Rac8 16. Bh3 e6 17. Nb6 Nxb6 18. Bxb6 Re8 19. Ne1 Bc6 20. Nd3 Nd5 21. Ba5 Bb5 22. a4 Bc6 23. Bg2 b5 24. axb5 Bxb5 25. e4 Nc3 26. Bxc3 Bxc3 27. Bf1 Bxd3 28. Bxd3 a5 29. Ba6 Rc7 30. Rd3 Be5 31. Rxc7 Bxc7 32. Rd7 Bb6 33. Kf1 Rd8 34. Rxd8+ Bxd8 35. Ke2 Kf8 36. g4 e5 37. Kd3 Ke7 38. Bc4 1/2-1/2

[Event "HUN-chT U18"]
[Site "Budapest"]
[Date "2019.10.29"]
[Round "6.2"]
[White "Baski, Barnabas"]
[Black "Ongut, Tamas Gunes"]
[Result "1/2-1/2"]
[WhiteElo "2037"]
[BlackElo "2214"]
[PlyCount "72"]
[EventDate "2019.10.26"]
[EventType "team-swiss"]
[EventRounds "7"]
[EventCountry "HUN"]
[SourceTitle "CBM 192 Extra"]
[Source "Chessbase"]
[SourceDate "2019.11.06"]
[SourceVersion "1"]
[SourceVersionDate "2019.11.06"]
[SourceQuality "1"]
[WhiteTeam "Dunaharaszti"]
[BlackTeam "Budapest MTK"]
[WhiteTeamCountry "HUN"]
[BlackTeamCountry "HUN"]

1. Nf3 g6 2. g3 Bg7 3. d4 c5 4. Bg2 cxd4 5. Nxd4 Nc6 6. Nxc6 bxc6 7. 0-0 Ba6 8. c3 h5 9. h4 Nf6 10. Na3 0-0 11. Nc2 Rb8 12. Nb4 Bb7 13. Nd3 d6 14. Qa4 Qb6 15. Bg5 c5 16. Bxb7 Qxb7 17. Bxf6 Bxf6 18. Rab1 Qb5 19. Qc2 Qc4 20. Qd2 Qxa2 21. Nf4 Be5 22. Nd3 Bg7 23. Qe3 Rb7 24. Rfd1 Qc4 25. Ra1 Rfb8 26. Ra3 Qg4 27. Rda1 Qd7 28. Ra6 Qc7 29. Qf3 e6 30. g4 hxg4 31. Qxg4 c4 32. Nb4 d5 33. h5 gxh5 34. Qxh5 d4 35. Qg4 dxc3 36. bxc3 Kf8 1/2-1/2

[Event "HUN-ch U16"]
[Site "Balatonlelle"]
[Date "2019.06.24"]
[Round "4"]
[White "Baski, Barnabas"]
[Black "Dibusz, Domonkos"]
[Result "1/2-1/2"]
[WhiteElo "2108"]
[BlackElo "2067"]
[PlyCount "80"]
[EventDate "2019.06.21"]
[EventType "swiss"]
[EventRounds "9"]
[EventCountry "HUN"]
[SourceTitle "CBM 191 Extra"]
[Source "ChessBase"]
[SourceDate "2019.09.30"]
[SourceVersion "1"]
[SourceVersionDate "2019.09.30"]
[SourceQuality "1"]

1. Nf3 d5 2. g3 Nf6 3. Bg2 c6 4. 0-0 Bf5 5. d3 e6 6. c4 Nbd7 7. cxd5 cxd5 8. Nc3 Be7 9. Re1 Bg6 10. h3 0-0 11. Bf4 a6 12. e4 dxe4 13. dxe4 Bb4 14. Ne5 Nxe5 15. Bxe5 Nd7 16. Bd6 Bxd6 17. Qxd6 Nb6 18. Qxd8 Rfxd8 19. e5 Nc4 20. b3 Na5 21. b4 Nc6 22. Bxc6 bxc6 23. Rad1 Rdc8 24. Rd6 Rab8 25. a3 c5 26. bxc5 Rxc5 27. Re3 Ra5 28. Ne2 Kf8 29. Nd4 Rd5 30. Rxd5 exd5 31. f4 Be4 32. Rb3 Rc8 33. Kf2 Rc4 34. Ke3 a5 35. Ne2 a4 36. Rb8+ Ke7 37. Rb7+ Ke8 38. Rb8+ Ke7 39. Rb7+ Ke8 40. Rb8+ Ke7 1/2-1/2

[Event "HUN-chT U18"]
[Site "Zalakaros"]
[Date "2018.07.29"]
[Round "7.5"]
[White "Baski, Barnabas"]
[Black "Papp, Levente"]
[Result "0-1"]
[WhiteElo "1740"]
[BlackElo "2256"]
[PlyCount "150"]
[EventDate "2018.07.26"]
[EventType "team-swiss"]
[EventRounds "7"]
[EventCountry "HUN"]
[SourceTitle "CBM 185 Extra"]
[Source "ChessBase"]
[SourceDate "2018.07.29"]
[SourceVersion "1"]
[SourceVersionDate "2018.07.29"]
[SourceQuality "1"]
[WhiteTeam "Dunaharaszti"]
[BlackTeam "Miskolc KisBocsok"]
[WhiteTeamCountry "HUN"]
[BlackTeamCountry "HUN"]

1. Nf3 b6 2. g3 Bb7 3. Bg2 Nf6 4. 0-0 e6 5. d4 Be7 6. c4 Ne4 7. Nbd2 Nxd2 8. Bxd2 0-0 9. Qc2 f5 10. Ne1 Bxg2 11. Nxg2 Qc8 12. Bc3 Qb7 13. Rad1 Na6 14. a3 Rae8 15. f3 d5 16. Qd3 c6 17. e4 Nc7 18. Rfe1 g6 19. cxd5 cxd5 20. exd5 exd5 21. Rxe7 Rxe7 22. Bb4 Rfe8 23. Bxe7 Rxe7 24. Re1 Ne8 25. Rxe7 Qxe7 26. Qe3 Kf7 27. Qe5 Qxe5 28. dxe5 Ke6 29. f4 d4 30. Kf2 Kd5 31. Ke2 Nc7 32. Kd3 a5 33. Ne1 Ne6 34. b4 g5 35. Ng2 h6 36. h3 a4 37. h4 b5 38. h5 g4 39. Nh4 Ng7 40. e6 Kxe6 41. Kxd4 Kd6 42. Ke3 Ke6 43. Kd4 Nxh5 44. Kc5 Nxg3 45. Ng2 Ne4+ 46. Kxb5 Nc3+ 47. Ka5 Kd6 48. b5 Kc5 49. b6 Kc6 50. Ka6 Ne4 51. Ka7 Nd6 52. Ne3 g3 53. Ng2 Nc8+ 54. Ka6 Nxb6 55. Ka5 Kc5 56. Nh4 Nc4+ 57. Kxa4 Ne3 58. Kb3 g2 59. Nf3 Nc4 60. Kc3 Nxa3 61. Kd3 Kd5 62. Ke3 Nc2+ 63. Kf2 Ke4 64. Kxg2 Nd4 65. Ne5 Kxf4 66. Nd3+ Ke3 67. Ne5 f4 68. Ng4+ Ke2 69. Nf2 h5 70. Nh3 f3+ 71. Kg3 Nf5+ 72. Kf4 f2 73. Nxf2 Kxf2 74. Kg5 h4 75. Kg4 Kg2 0-1

[Event "HUN-chT2 Maroczy 1718"]
[Site "Hungary"]
[Date "2018.03.04"]
[Round "7.12"]
[White "Kis, Bela"]
[Black "Baski, Barnabas"]
[Result "1/2-1/2"]
[WhiteElo "2052"]
[BlackElo "1789"]
[PlyCount "87"]
[EventDate "2017.10.29"]
[EventType "team-tourn"]
[EventRounds "9"]
[EventCountry "HUN"]
[SourceTitle "EXT 2021"]
[Source "ChessBase"]
[SourceDate "2020.10.23"]
[SourceVersion "1"]
[SourceVersionDate "2020.10.23"]
[SourceQuality "1"]
[WhiteTeam "Budapest Vasas"]
[BlackTeam "Dunaharaszti II"]
[WhiteTeamCountry "HUN"]
[BlackTeamCountry "HUN"]

1. d4 Nf6 2. c4 e6 3. Nc3 Bb4 4. a3 Bxc3+ 5. bxc3 c5 6. f3 Nc6 7. e4 d6 8. Be3 Qa5 9. Bd2 Qc7 10. Be3 Qa5 11. Bd2 Qc7 12. d5 Na5 13. Bd3 b6 14. Ne2 Ba6 15. Bg5 Qe7 16. 0-0 0-0-0 17. Qa4 h6 18. Bxf6 Qxf6 19. Rab1 Rhg8 20. Rb5 Bxb5 21. cxb5 exd5 22. exd5 Qe5 23. Qe4 Rge8 24. c4 Nb3 25. Qxe5 Rxe5 26. g4 Rde8 27. Kf2 g6 28. Rd1 h5 29. h3 hxg4 30. hxg4 Rh8 31. Kg2 f5 32. gxf5 gxf5 33. f4 Re7 34. Bxf5+ Kd8 35. Be6 Na5 36. Rc1 Rg7+ 37. Kf3 Nb3 38. Rc3 Nd4+ 39. Nxd4 cxd4 40. Rd3 Ke7 41. Ke4 Kf6 42. a4 Rh4 43. Rf3 Rg1 44. Kxd4 1/2-1/2

[Event "Budapest Gyorgy Memorial 2nd"]
[Site "Budapest"]
[Date "2017.10.14"]
[Round "5.2"]
[White "Cimpean, Andra"]
[Black "Baski, Barnabas"]
[Result "1-0"]
[WhiteElo "1899"]
[BlackElo "1746"]
[PlyCount "95"]
[EventDate "2017.10.12"]
[EventType "swiss"]
[EventRounds "7"]
[EventCountry "HUN"]
[SourceTitle "EXT 2019"]
[Source "ChessBase"]
[SourceDate "2018.10.10"]
[SourceVersion "1"]
[SourceVersionDate "2018.10.10"]
[SourceQuality "1"]

1. e4 c5 2. c3 d5 3. exd5 Qxd5 4. d4 Nf6 5. Nf3 e6 6. Be3 Nc6 7. dxc5 Qxd1+ 8. Kxd1 Nd5 9. Bd4 f6 10. Bc4 Nf4 11. g3 Ng6 12. b4 e5 13. Be3 Bg4 14. Be2 0-0-0+ 15. Nbd2 f5 16. h3 Bxf3 17. Bxf3 e4 18. Be2 Nge5 19. Kc2 h6 20. Rad1 g6 21. Nc4 Nxc4 22. Bxc4 Bg7 23. Bf4 Be5 24. Bxe5 Nxe5 25. Be2 g5 26. Rd4 Nc6 27. Rxd8+ Rxd8 28. Rd1 Rxd1 29. Kxd1 Ne5 30. Kd2 Kd7 31. Ke3 Ke6 32. g4 fxg4 33. Bxg4+ Nxg4+ 34. hxg4 Kd5 35. a3 a6 36. a4 a5 37. bxa5 Kxc5 38. Kxe4 Kc4 39. Kf5 Kxc3 40. Kg6 Kb4 41. Kxh6 Kxa5 42. Kxg5 Kxa4 43. f4 b5 44. f5 b4 45. f6 b3 46. f7 b2 47. f8Q b1Q 48. Qa8+ 1-0